[Event "DVM U20w 2016"]
[Site "Borken-Gemen GER"]
[Date "2016.12.28"]
[Round "3"]
[White "Peglau, Mirjam"]
[Black "Wolff, Marie Antoinette"]
[Result "0-1"]
[Termination "normal"]
[Board "4.1"]
[WhiteElo "1600"]
[BlackElo "1771"]
[WhiteTeam "SV Bannewitz"]
[BlackTeam "Leegebrucher SF"]
[PlyCount "72"]
[WhiteFideId "16211138"]
[BlackFideId "12908258"]
[EventCountry "GER"]
[EventRounds "7"]
[EventType "team-swiss"]
[EventDate "2016.12.26"]

1.e4 c5 2.Nf3 e6 3.d4 cxd4 4.Nxd4 Nf6 5.Nc3 Bb4 6.f3 a6 7.Be3 Qc7 8.Qd3 d5
9.Bd2 O-O 10.O-O-O Bxc3 11.Bxc3 dxe4 12.Qd2 Nd5 13.fxe4 Nxc3 14.bxc3 Nd7 15.Nb3
Nc5 16.Qe3 Na4 17.c4 Bd7 18.Qg3 Rac8 19.Qxc7 Rxc7 20.Be2 Nc3 21. Rde1 Nxa2+
22.Kb2 Nb4 23.Kc3 Nc6 24.Rd1 Ne5 25.Kb4 Bc6 26.Bf3 Rfc8 27.Na5 h6 28.Rd6 b6
29.Nxc6 Rxc6 30.Rxc6 Rxc6 31.Be2 Rc5 32.Rd1 Nc6+ 33.Ka4 Na7 34.Rd8+ Kh7 35.Rd7
Nc6 36.Rxf7 Ra5+ 0-1

[Event "DVM U20w 2016"]
[Site "Borken-Gemen GER"]
[Date "2016.12.28"]
[Round "3"]
[White "Sauer, Annika"]
[Black "Peglau, Sarah"]
[Result "1/2-1/2"]
[Termination "normal"]
[Board "4.2"]
[WhiteElo "1572"]
[BlackElo "1332"]
[WhiteTeam "Leegebrucher SF"]
[BlackTeam "SV Bannewitz"]
[PlyCount "73"]
[WhiteFideId "12952052"]
[BlackFideId "16219961"]
[EventCountry "GER"]
[EventRounds "7"]
[EventType "team-swiss"]
[EventDate "2016.12.26"]

1.d4 Nf6 2.Nf3 g6 3.c4 c5 4.Nc3 cxd4 5.Nxd4 Bg7 6.g3 O-O 7.Bg2 Nc6 8.Nxc6 bxc6
9.O-O Rb8 10.Qc2 d5 11.cxd5 cxd5 12.Rd1 Bf5 13.e4 Bg4 14.f3 Qb6+ 15. Qf2 Bd7
16.Qxb6 Rxb6 17.Nxd5 Nxd5 18.Rxd5 Be6 19.Ra5 Rd8 20.h3 Rd1+ 21.Kh2 Rc6 22.Rxa7
Rcxc1 23.Rxc1 Rxc1 24.Ra8+ Rc8 25.Rxc8+ Bxc8 26.b3 Kf8 27.Bf1 Ke8 28.Bc4 e6
29.a4 Bc3 30.Kg2 Kd7 31.f4 Bb7 32.Kf3 f5 33.Bd3 Be1 34.g4 Kd6 35.Ke3 fxe4
36.Bxe4 Bxe4 37.Kxe4 1/2-1/2

[Event "DVM U20w 2016"]
[Site "Borken-Gemen GER"]
[Date "2016.12.28"]
[Round "3"]
[White "Peglau, Charis"]
[Black "Pietsch, Virginia-Atlanta"]
[Result "1-0"]
[Termination "normal"]
[Board "4.3"]
[WhiteElo "1214"]
[BlackElo "904"]
[WhiteTeam "SV Bannewitz"]
[BlackTeam "Leegebrucher SF"]
[PlyCount "43"]
[WhiteFideId "16219996"]
[BlackFideId "16235053"]
[EventCountry "GER"]
[EventRounds "7"]
[EventType "team-swiss"]
[EventDate "2016.12.26"]

1.e4 c6 2.Ne2 Nf6 3.Nbc3 d5 4.exd5 cxd5 5.d4 Bf5 6.Bf4 e6 7.Ng3 Bg6 8.Bb5+ Nc6
9.O-O Be7 10.Qe2 O-O 11.Rad1 a6 12.Bxc6 bxc6 13.Rfe1 c5 14.dxc5 Bxc5 15.Na4 Bd6
16.Bxd6 Qxd6 17.f3 Rac8 18.Ne4 Nxe4 19.fxe4 Bxe4 20.Qxe4 Rc4 21.Qxc4 dxc4
22.Rxd6 1-0

[Event "DVM U20w 2016"]
[Site "Borken-Gemen GER"]
[Date "2016.12.28"]
[Round "3"]
[White "Mylke, Sandy-Michelle"]
[Black "Peglau, Dora"]
[Result "0-1"]
[Termination "normal"]
[Board "4.4"]
[WhiteElo "1061"]
[BlackElo "1171"]
[WhiteTeam "Leegebrucher SF"]
[BlackTeam "SV Bannewitz"]
[PlyCount "76"]
[WhiteFideId "16235045"]
[BlackFideId "16220005"]
[EventCountry "GER"]
[EventRounds "7"]
[EventType "team-swiss"]
[EventDate "2016.12.26"]

1.e4 e5 2.Nf3 Nc6 3.c3 Nf6 4.d4 exd4 5.e5 Qe7 6.cxd4 h6 7.Bd3 Nd5 8.O-O d6
9.Bc4 Be6 10.Nc3 Nxc3 11.bxc3 Bxc4 12.Re1 d5 13.Rb1 Rb8 14.Qa4 b5 15.Qa6 Qd7
16.e6 fxe6 17.Ne5 Rb6 18.Qxb6 axb6 19.Nxd7 Kxd7 20.Bf4 h5 21.Re3 b4 22.Rbe1
bxc3 23.Rxe6 Nxd4 24.Re8 g6 25.Ra8 Bg7 26.Ra7 Rc8 27.a4 Nb3 28.Bg5 Bf8 29.Re3
d4 30.Rf3 d3 31.Rf7+ Bxf7 32.Kf1 c2 33.Ke1 Bb4+ 34.Kf1 d2 35.g3 d1=Q+ 36.Kg2
Bd5+ 37.f3 Qxf3+ 38.Kh3 Qg4# 0-1

[Event "DVM U20w 2016"]
[Site "Borken-Gemen GER"]
[Date "2016.12.28"]
[Round "4"]
[White "Böhm, Jana"]
[Black "Moses, Selina"]
[Result "0-1"]
[Termination "normal"]
[Board "1.2"]
[WhiteElo "1968"]
[BlackElo "1872"]
[WhiteClock "00:53:38"]
[BlackClock "00:23:41"]
[WhiteTeam "SK Lehrte"]
[BlackTeam "Muldental Wilkau-Haßlau"]
[PlyCount "116"]
[WhiteFideId "24661589"]
[BlackFideId "12908070"]
[EventCountry "GER"]
[EventRounds "7"]
[EventType "team-swiss"]
[EventDate "2016.12.26"]

1. e4 {[%clk 1:30:58]} c5 {[%clk 1:30:54]} 2. Nf3 {[%clk 1:31:24]} d6 {[%clk
1:31:18]} 3. d4 {[%clk 1:31:50]} cxd4 {[%clk 1:31:44]} 4. Nxd4 {[%clk 1:32:17]}
Nf6 {[%clk 1:32:06]} 5. Nc3 {[%clk 1:32:43]} a6 {[%clk 1:32:32]} 6. Be3 {[%clk
1:33:09]} e6 {[%clk 1:32:50]} 7. Be2 {[%clk 1:33:27]} Be7 {[%clk 1:30:55]} 8.
O-O {[%clk 1:33:45]} O-O {[%clk 1:26:15]} 9. f4 {[%clk 1:33:27]} Nc6 {[%clk
1:24:25]} 10. Kh1 {[%clk 1:28:28]} Re8 {[%clk 1:24:22]} 11. g4 {[%clk 1:27:43]}
Bf8 {[%clk 1:09:56]} 12. g5 {[%clk 1:24:51]} Nd7 {[%clk 1:08:50]} 13. Bc4
{[%clk 1:05:40]} Nxd4 {[%clk 1:02:43]} 14. Bxd4 {[%clk 1:06:00]} b5 {[%clk
1:02:57]} 15. Bd3 {[%clk 1:03:42]} e5 {[%clk 1:01:34]} 16. Be3 {[%clk 1:00:30]}
exf4 {[%clk 1:01:30]} 17. Rxf4 {[%clk 0:59:27]} Ne5 {[%clk 0:53:40]} 18. Nd5
{[%clk 0:50:53]} Ng6 {[%clk 0:50:37]} 19. Rf2 {[%clk 0:47:25]} Bb7 {[%clk
0:41:43]} 20. Qf3 {[%clk 0:46:03]} Ne5 {[%clk 0:41:27]} 21. Qf5 {[%clk
0:41:44]} Qc8 {[%clk 0:32:41]} 22. Bd4 {[%clk 0:35:44]} Qxf5 {[%clk 0:31:31]}
23. Rxf5 {[%clk 0:36:09]} Bxd5 {[%clk 0:29:52]} 24. exd5 {[%clk 0:35:44]} Nxd3
{[%clk 0:30:05]} 25. cxd3 {[%clk 0:36:11]} Rac8 {[%clk 0:28:52]} 26. Raf1
{[%clk 0:36:24]} Re7 {[%clk 0:26:53]} 27. Bc3 {[%clk 0:31:32]} g6 {[%clk
0:21:34]} 28. Rf6 {[%clk 0:27:57]} Bg7 {[%clk 0:21:50]} 29. Rxd6 {[%clk
0:28:13]} Bxc3 {[%clk 0:22:11]} 30. bxc3 {[%clk 0:28:39]} Rxc3 {[%clk 0:22:37]}
31. Rxa6 {[%clk 0:29:03]} Rxd3 {[%clk 0:22:37]} 32. Ra8+ {[%clk 0:29:19]} Kg7
{[%clk 0:23:00]} 33. Rd8 {[%clk 0:29:43]} Rd2 {[%clk 0:22:00]} 34. h4 {[%clk
0:25:37]} Ree2 {[%clk 0:17:58]} 35. Rb1 {[%clk 0:23:25]} Rh2+ {[%clk 0:18:08]}
36. Kg1 {[%clk 0:23:50]} Rdg2+ {[%clk 0:18:32]} 37. Kf1 {[%clk 0:24:14]} Rxa2
{[%clk 0:18:55]} 38. Kg1 {[%clk 0:24:24]} Rxh4 {[%clk 0:16:41]} 39. Rd1 {[%clk
0:23:12]} Raa4 {[%clk 0:10:13]} 40. Kf2 {[%clk 0:23:13]} Rhd4 {[%clk 0:10:24]}
41. Rxd4 {[%clk 0:23:04]} Rxd4 {[%clk 0:10:47]} 42. Ke3 {[%clk 0:23:30]} Rd1
{[%clk 0:11:05]} 43. Ke2 {[%clk 0:23:56]} Rg1 {[%clk 0:06:23]} 44. Kd3 {[%clk
0:24:20]} Rxg5 {[%clk 0:06:04]} 45. Kd4 {[%clk 0:24:41]} Rg1 {[%clk 0:02:14]}
46. Kc5 {[%clk 0:24:58]} Rd1 {[%clk 0:02:00]} 47. Kd6 {[%clk 0:23:03]} h5
{[%clk 0:28:36]} 48. Rb8 {[%clk 0:53:26]} h4 {[%clk 0:28:42]} 49. Rxb5 {[%clk
0:53:33]} h3 {[%clk 0:28:46]} 50. Rb2 {[%clk 0:53:59]} g5 {[%clk 0:29:04]} 51.
Ke5 {[%clk 0:53:52]} f6+ {[%clk 0:27:10]} 52. Ke6 {[%clk 0:54:04]} Kg6 {[%clk
0:26:21]} 53. d6 {[%clk 0:53:21]} g4 {[%clk 0:25:13]} 54. d7 {[%clk 0:53:20]}
Rxd7 {[%clk 0:22:44]} 55. Kxd7 {[%clk 0:53:44]} g3 {[%clk 0:23:10]} 56. Rb3
{[%clk 0:52:49]} g2 {[%clk 0:23:24]} 57. Rg3+ {[%clk 0:53:14]} Kf5 {[%clk
0:23:44]} 58. Rf3+ {[%clk 0:53:38]} Ke4 {[%clk 0:23:41]} 0-1

[Event "DVM U20w 2016"]
[Site "Borken-Gemen GER"]
[Date "2016.12.28"]
[Round "4"]
[White "Fromm, Katja"]
[Black "Manusina, Nicole"]
[Result "0-1"]
[Termination "normal"]
[Board "1.3"]
[WhiteElo "1728"]
[BlackElo "1842"]
[WhiteClock "00:01:24"]
[BlackClock "00:34:06"]
[WhiteTeam "Muldental Wilkau-Haßlau"]
[BlackTeam "SK Lehrte"]
[PlyCount "82"]
[WhiteFideId "12929409"]
[BlackFideId "24657514"]
[EventCountry "GER"]
[EventRounds "7"]
[EventType "team-swiss"]
[EventDate "2016.12.26"]

1. d4 {[%clk 1:30:56]} d5 {[%clk 1:30:54]} 2. c4 {[%clk 1:31:20]} dxc4 {[%clk
1:31:16]} 3. Nf3 {[%clk 1:31:39]} Nf6 {[%clk 1:31:40]} 4. g3 {[%clk 1:32:03]}
c5 {[%clk 1:31:20]} 5. Nc3 {[%clk 1:30:52]} e6 {[%clk 1:30:24]} 6. Bg5 {[%clk
1:28:17]} Be7 {[%clk 1:29:11]} 7. dxc5 {[%clk 1:28:03]} O-O {[%clk 1:26:49]} 8.
Bg2 {[%clk 1:27:25]} Qa5 {[%clk 1:25:23]} 9. O-O {[%clk 1:26:11]} h6 {[%clk
1:22:55]} 10. Be3 {[%clk 1:10:33]} Nc6 {[%clk 1:21:23]} 11. Qa4 {[%clk
1:02:37]} Qxa4 {[%clk 1:18:07]} 12. Nxa4 {[%clk 1:00:57]} Nd5 {[%clk 1:17:42]}
13. Bd4 {[%clk 0:51:48]} Nxd4 {[%clk 1:15:16]} 14. Nxd4 {[%clk 0:52:13]} Bd7
{[%clk 1:14:15]} 15. Nc3 {[%clk 0:46:31]} Bxc5 {[%clk 1:10:25]} 16. Nxd5 {[%clk
0:37:39]} exd5 {[%clk 1:09:21]} 17. e3 {[%clk 0:33:33]} Bxd4 {[%clk 1:04:00]}
18. exd4 {[%clk 0:33:56]} Be6 {[%clk 1:02:45]} 19. Rfe1 {[%clk 0:32:32]} b5
{[%clk 1:00:06]} 20. Re5 {[%clk 0:29:47]} Rad8 {[%clk 0:59:34]} 21. a3 {[%clk
0:25:07]} a5 {[%clk 0:54:24]} 22. f4 {[%clk 0:20:20]} g6 {[%clk 0:54:17]} 23.
Kf2 {[%clk 0:19:19]} Rd6 {[%clk 0:53:18]} 24. Re3 {[%clk 0:17:12]} Rc8 {[%clk
0:50:09]} 25. Ke2 {[%clk 0:11:10]} Kg7 {[%clk 0:43:27]} 26. Kd2 {[%clk
0:10:35]} Rdc6 {[%clk 0:40:29]} 27. Kc3 {[%clk 0:09:46]} b4+ {[%clk 0:39:32]}
28. axb4 {[%clk 0:09:08]} axb4+ {[%clk 0:39:28]} 29. Kd2 {[%clk 0:06:01]} c3+
{[%clk 0:37:51]} 30. bxc3 {[%clk 0:06:24]} bxc3+ {[%clk 0:34:11]} 31. Kc1
{[%clk 0:05:51]} Rb6 {[%clk 0:33:27]} 32. Ra3 {[%clk 0:04:47]} Bf5 {[%clk
0:32:15]} 33. Rexc3 {[%clk 0:01:07]} Rxc3+ {[%clk 0:32:29]} 34. Rxc3 {[%clk
0:01:29]} Rb1+ {[%clk 0:32:56]} 35. Kd2 {[%clk 0:01:39]} Rb2+ {[%clk 0:33:24]}
36. Ke1 {[%clk 0:01:00]} Rxg2 {[%clk 0:33:49]} 37. h4 {[%clk 0:01:16]} Be4
{[%clk 0:33:52]} 38. Re3 {[%clk 0:01:03]} Ra2 {[%clk 0:33:31]} 39. Re2 {[%clk
0:01:05]} Rxe2+ {[%clk 0:33:27]} 40. Kxe2 h5 {[%clk 0:33:46]} 41. Kf2 {[%clk
0:01:24]} Kf6 {[%clk 0:34:06]} 0-1

[Event "DVM U20w 2016"]
[Site "Borken-Gemen GER"]
[Date "2016.12.28"]
[Round "4"]
[White "Möller, Hannah"]
[Black "Von Jan, Lena"]
[Result "1-0"]
[Termination "normal"]
[Board "1.4"]
[WhiteElo "1724"]
[BlackElo "1516"]
[WhiteClock "00:12:57"]
[BlackClock "00:06:18"]
[WhiteTeam "SK Lehrte"]
[BlackTeam "Muldental Wilkau-Haßlau"]
[PlyCount "127"]
[WhiteFideId "1270514"]
[BlackFideId "12946060"]
[EventCountry "GER"]
[EventRounds "7"]
[EventType "team-swiss"]
[EventDate "2016.12.26"]

1. Nf3 {[%clk 1:30:57]} d5 {[%clk 1:30:50]} 2. g3 {[%clk 1:31:12]} Nf6 {[%clk
1:30:05]} 3. Bg2 {[%clk 1:31:34]} Bf5 {[%clk 1:28:57]} 4. O-O {[%clk 1:31:41]}
e6 {[%clk 1:29:03]} 5. c4 {[%clk 1:31:33]} c5 {[%clk 1:27:13]} 6. d4 {[%clk
1:29:52]} Nc6 {[%clk 1:24:33]} 7. cxd5 {[%clk 1:27:22]} Nxd5 {[%clk 1:23:12]}
8. dxc5 {[%clk 1:23:50]} Bxc5 {[%clk 1:19:01]} 9. Nbd2 {[%clk 1:17:04]} Bg6
{[%clk 1:14:27]} 10. Nc4 {[%clk 1:15:58]} Qc7 {[%clk 1:10:25]} 11. a3 {[%clk
1:12:21]} O-O {[%clk 1:07:48]} 12. b4 {[%clk 1:10:53]} Be7 {[%clk 1:06:09]} 13.
Qb3 {[%clk 1:09:44]} Bf6 {[%clk 1:03:01]} 14. Bb2 {[%clk 1:09:34]} Bxb2 {[%clk
1:00:22]} 15. Nxb2 {[%clk 1:09:35]} Rfd8 {[%clk 0:57:29]} 16. Rac1 {[%clk
1:08:13]} Qe7 {[%clk 0:53:51]} 17. Rfd1 {[%clk 1:05:10]} Nf6 {[%clk 0:49:04]}
18. Nc4 {[%clk 1:01:03]} Rac8 {[%clk 0:45:47]} 19. b5 {[%clk 0:49:49]} Nb8
{[%clk 0:41:48]} 20. Nce5 {[%clk 0:33:21]} Rxd1+ {[%clk 0:37:30]} 21. Qxd1
{[%clk 0:33:38]} Rd8 {[%clk 0:34:52]} 22. Qb3 {[%clk 0:32:20]} Nd5 {[%clk
0:32:55]} 23. Nxg6 {[%clk 0:30:29]} hxg6 {[%clk 0:31:35]} 24. a4 {[%clk
0:29:43]} b6 {[%clk 0:20:15]} 25. Ne5 {[%clk 0:27:22]} Qd6 {[%clk 0:18:42]} 26.
Nc6 {[%clk 0:23:12]} Rd7 {[%clk 0:15:07]} 27. Bxd5 {[%clk 0:13:18]} exd5 {[%clk
0:14:26]} 28. Qe3 {[%clk 0:10:10]} Nxc6 {[%clk 0:12:39]} 29. Rxc6 {[%clk
0:09:27]} Qb8 {[%clk 0:09:17]} 30. Qc3 {[%clk 0:07:59]} Rd8 {[%clk 0:08:42]}
31. Rc7 {[%clk 0:07:34]} Re8 {[%clk 0:07:35]} 32. Kf1 {[%clk 0:06:19]} Rd8
{[%clk 0:06:44]} 33. Re7 {[%clk 0:05:28]} Rf8 {[%clk 0:02:47]} 34. Qc6 {[%clk
0:02:30]} Rd8 {[%clk 0:02:07]} 35. Qc7 {[%clk 0:02:41]} Qxc7 {[%clk 0:02:10]}
36. Rxc7 {[%clk 0:03:06]} Ra8 {[%clk 0:02:12]} 37. Rd7 {[%clk 0:03:26]} a6
{[%clk 0:01:47]} 38. Rxd5 {[%clk 0:03:17]} a5 {[%clk 0:01:23]} 39. Rd6 {[%clk
0:02:55]} Rb8 {[%clk 0:01:47]} 40. e3 {[%clk 0:03:04]} Kf8 {[%clk 0:02:06]} 41.
Rd7 {[%clk 0:02:57]} Ke8 {[%clk 0:02:13]} 42. Rc7 {[%clk 0:02:01]} Kf8 {[%clk
0:01:02]} 43. Kg2 {[%clk 0:01:15]} f6 {[%clk 0:28:00]} 44. h4 {[%clk 0:31:42]}
Kg8 {[%clk 0:28:12]} 45. Kf3 {[%clk 0:31:47]} Kh7 {[%clk 0:28:20]} 46. Kf4
{[%clk 0:30:56]} Kh6 {[%clk 0:28:08]} 47. f3 {[%clk 0:27:27]} Kh7 {[%clk
0:21:32]} 48. g4 {[%clk 0:25:18]} Kh6 {[%clk 0:17:05]} 49. Rc6 {[%clk 0:23:51]}
Kh7 {[%clk 0:16:45]} 50. Kg3 {[%clk 0:21:19]} g5 {[%clk 0:14:17]} 51. hxg5
{[%clk 0:21:00]} fxg5 {[%clk 0:14:37]} 52. f4 {[%clk 0:20:22]} gxf4+ {[%clk
0:14:20]} 53. exf4 {[%clk 0:20:04]} Kh8 {[%clk 0:14:07]} 54. Kh4 {[%clk
0:19:58]} Kh7 {[%clk 0:14:27]} 55. Kg5 {[%clk 0:19:59]} Rb7 {[%clk 0:14:37]}
56. f5 {[%clk 0:19:28]} Rb8 {[%clk 0:14:30]} 57. Rc7 {[%clk 0:17:45]} Rf8
{[%clk 0:13:54]} 58. Rb7 {[%clk 0:16:34]} Rf6 {[%clk 0:14:02]} 59. Kf4 {[%clk
0:16:24]} Rh6 {[%clk 0:12:21]} 60. Ke5 {[%clk 0:15:26]} Rh1 {[%clk 0:07:04]}
61. f6 {[%clk 0:13:38]} Re1+ {[%clk 0:07:21]} 62. Kd5 {[%clk 0:13:46]} Rd1+
{[%clk 0:06:57]} 63. Kc6 {[%clk 0:13:32]} Rf1 {[%clk 0:06:18]} 64. Rxg7+ {[%clk
0:12:57]} 1-0

[Event "DVM U20w 2016"]
[Site "Borken-Gemen GER"]
[Date "2016.12.28"]
[Round "4"]
[White "Voß, Henrike"]
[Black "Wächter, Nathalie"]
[Result "1/2-1/2"]
[Termination "normal"]
[Board "2.1"]
[WhiteElo "1591"]
[BlackElo "2022"]
[WhiteClock "00:19:14"]
[BlackClock "00:14:30"]
[WhiteTeam "Hamburger SK"]
[BlackTeam "TuRa Harksheide Norderstedt"]
[PlyCount "89"]
[WhiteFideId "12971910"]
[BlackFideId "12921033"]
[EventCountry "GER"]
[EventRounds "7"]
[EventType "team-swiss"]
[EventDate "2016.12.26"]

1. e4 {[%clk 1:30:57]} e6 {[%clk 1:30:51]} 2. d4 {[%clk 1:31:18]} d5 {[%clk
1:31:17]} 3. Nc3 {[%clk 1:31:42]} h6 {[%clk 1:31:33]} 4. a3 {[%clk 1:29:13]} a6
{[%clk 1:25:26]} 5. g3 {[%clk 1:22:02]} Nf6 {[%clk 1:17:44]} 6. e5 {[%clk
1:17:44]} Nfd7 {[%clk 1:17:26]} 7. Nce2 {[%clk 1:16:25]} c5 {[%clk 1:17:17]} 8.
c3 {[%clk 1:16:38]} Nc6 {[%clk 1:15:50]} 9. Bg2 {[%clk 1:11:50]} a5 {[%clk
1:04:22]} 10. f4 {[%clk 1:02:06]} cxd4 {[%clk 0:54:11]} 11. cxd4 {[%clk
1:01:07]} Nb6 {[%clk 0:54:12]} 12. Nf3 {[%clk 0:58:58]} Bd7 {[%clk 0:51:12]}
13. O-O {[%clk 0:57:26]} Be7 {[%clk 0:49:59]} 14. Nd2 {[%clk 0:48:58]} Rc8
{[%clk 0:40:59]} 15. b3 {[%clk 0:48:29]} a4 {[%clk 0:39:19]} 16. b4 {[%clk
0:47:22]} Na7 {[%clk 0:39:01]} 17. Bb2 {[%clk 0:46:21]} Bb5 {[%clk 0:33:09]}
18. Rf2 {[%clk 0:42:43]} Qd7 {[%clk 0:29:27]} 19. Nc1 {[%clk 0:38:37]} Rc7
{[%clk 0:26:14]} 20. Bf1 {[%clk 0:37:26]} Bxf1 {[%clk 0:19:58]} 21. Rxf1 {[%clk
0:37:15]} Nc4 {[%clk 0:20:18]} 22. Nxc4 {[%clk 0:36:08]} dxc4 {[%clk 0:20:32]}
23. Ne2 {[%clk 0:35:48]} Nc8 {[%clk 0:17:37]} 24. Nc3 {[%clk 0:33:45]} Nb6
{[%clk 0:16:40]} 25. Qd2 {[%clk 0:28:46]} O-O {[%clk 0:15:31]} 26. Rf3 {[%clk
0:25:06]} Rd8 {[%clk 0:14:07]} 27. Ne4 {[%clk 0:24:06]} Qc6 {[%clk 0:09:47]}
28. Qe2 {[%clk 0:23:20]} Nd5 {[%clk 0:07:35]} 29. Rc1 {[%clk 0:21:45]} Qa6
{[%clk 0:07:12]} 30. Nc3 {[%clk 0:19:55]} Nb6 {[%clk 0:05:59]} 31. Rd1 {[%clk
0:18:24]} Nc8 {[%clk 0:05:04]} 32. h4 {[%clk 0:11:52]} Bf8 {[%clk 0:02:32]} 33.
Kh2 {[%clk 0:10:27]} Ne7 {[%clk 0:02:42]} 34. g4 {[%clk 0:09:42]} b5 {[%clk
0:01:39]} 35. Kh3 {[%clk 0:08:19]} Nc6 {[%clk 0:01:48]} 36. Qf2 {[%clk
0:06:55]} Rcd7 {[%clk 0:01:06]} 37. Ne2 {[%clk 0:06:19]} Qc8 {[%clk 0:00:57]}
38. Bc3 {[%clk 0:02:27]} Qb7 {[%clk 0:01:11]} 39. Kg3 {[%clk 0:02:04]} Qa7
{[%clk 0:00:55]} 40. Kh3 {[%clk 0:01:53]} Qb7 {[%clk 0:01:08]} 41. Kg3 {[%clk
0:02:13]} Rc7 {[%clk 0:29:46]} 42. Rc1 {[%clk 0:26:27]} Ne7 {[%clk 0:27:44]}
43. Bb2 {[%clk 0:24:36]} Rdc8 {[%clk 0:19:58]} 44. h5 {[%clk 0:19:59]} Kh7
{[%clk 0:14:30]} 45. Nc3 {[%clk 0:19:14]} 1/2-1/2

[Event "DVM U20w 2016"]
[Site "Borken-Gemen GER"]
[Date "2016.12.28"]
[Round "4"]
[White "Rosmait, Emily"]
[Black "Reich, Kristina"]
[Result "1-0"]
[Termination "normal"]
[Board "2.2"]
[WhiteElo "1880"]
[BlackElo "1618"]
[WhiteClock "00:22:20"]
[BlackClock "00:20:55"]
[WhiteTeam "TuRa Harksheide Norderstedt"]
[BlackTeam "Hamburger SK"]
[PlyCount "99"]
[WhiteFideId "12937754"]
[BlackFideId "12964719"]
[EventCountry "GER"]
[EventRounds "7"]
[EventType "team-swiss"]
[EventDate "2016.12.26"]

1. e4 {[%clk 1:30:56]} c5 {[%clk 1:30:56]} 2. Nf3 {[%clk 1:31:15]} e6 {[%clk
1:31:18]} 3. d4 {[%clk 1:30:51]} cxd4 {[%clk 1:31:42]} 4. Nxd4 {[%clk 1:31:18]}
a6 {[%clk 1:32:02]} 5. Bd3 {[%clk 1:28:24]} Qc7 {[%clk 1:31:09]} 6. O-O {[%clk
1:22:47]} b5 {[%clk 1:29:54]} 7. Be3 {[%clk 1:18:15]} Bb7 {[%clk 1:27:59]} 8.
Nd2 {[%clk 1:15:19]} Nf6 {[%clk 1:23:47]} 9. c3 {[%clk 1:08:55]} d5 {[%clk
1:10:31]} 10. exd5 {[%clk 1:02:47]} Nxd5 {[%clk 1:10:23]} 11. Re1 {[%clk
1:02:39]} Bd6 {[%clk 1:05:22]} 12. N2f3 {[%clk 0:54:13]} O-O {[%clk 1:00:43]}
13. a4 {[%clk 0:52:31]} Nxe3 {[%clk 0:54:12]} 14. Rxe3 {[%clk 0:52:15]} b4
{[%clk 0:42:00]} 15. c4 {[%clk 0:40:26]} Bf4 {[%clk 0:39:39]} 16. Re1 {[%clk
0:40:09]} e5 {[%clk 0:28:16]} 17. Nf5 {[%clk 0:37:48]} Re8 {[%clk 0:23:56]} 18.
Nd6 {[%clk 0:28:29]} Re6 {[%clk 0:19:16]} 19. Nxb7 {[%clk 0:24:36]} Qxb7 {[%clk
0:12:34]} 20. Bf5 {[%clk 0:22:18]} Re8 {[%clk 0:11:24]} 21. Nxe5 {[%clk
0:20:21]} Bxe5 {[%clk 0:10:42]} 22. Rxe5 {[%clk 0:20:18]} Nc6 {[%clk 0:10:22]}
23. Rxe8+ {[%clk 0:16:27]} Rxe8 {[%clk 0:10:45]} 24. Qd7 {[%clk 0:15:47]} Re7
{[%clk 0:09:02]} 25. Qxb7 {[%clk 0:13:41]} Rxb7 {[%clk 0:09:27]} 26. Be4 {[%clk
0:13:49]} Rc7 {[%clk 0:09:33]} 27. Rd1 {[%clk 0:13:35]} g6 {[%clk 0:09:26]} 28.
b3 {[%clk 0:11:56]} Kf8 {[%clk 0:05:41]} 29. Rd6 {[%clk 0:11:08]} Na5 30. Rd3
{[%clk 0:05:48]} Re7 {[%clk 0:03:58]} 31. f3 {[%clk 0:05:17]} Rc7 {[%clk
0:01:56]} 32. Kf2 {[%clk 0:04:47]} Ke7 {[%clk 0:02:09]} 33. Ke3 {[%clk
0:04:25]} f5 {[%clk 0:01:42]} 34. Bd5 {[%clk 0:04:34]} Rd7 {[%clk 0:01:46]} 35.
h4 {[%clk 0:03:38]} Kf6 {[%clk 0:01:32]} 36. c5 {[%clk 0:02:00]} Re7+ {[%clk
0:01:14]} 37. Kd4 {[%clk 0:01:26]} Rd7 {[%clk 0:01:19]} 38. f4 {[%clk 0:01:21]}
h6 {[%clk 0:01:38]} 39. Re3 {[%clk 0:00:58]} Nc6+ {[%clk 0:01:32]} 40. Kc4
{[%clk 0:00:34]} Na5+ {[%clk 0:00:47]} 41. Kxb4 {[%clk 0:24:35]} Rxd5 {[%clk
0:30:33]} 42. Kxa5 {[%clk 0:24:20]} Rxc5+ {[%clk 0:30:28]} 43. Kxa6 {[%clk
0:24:29]} Rd5 {[%clk 0:28:22]} 44. g3 {[%clk 0:22:43]} Kf7 {[%clk 0:27:03]} 45.
b4 {[%clk 0:22:26]} Rd4 {[%clk 0:26:14]} 46. Ka5 {[%clk 0:22:16]} Re4 {[%clk
0:25:23]} 47. Rd3 {[%clk 0:22:39]} Re8 {[%clk 0:23:19]} 48. b5 {[%clk 0:22:45]}
Re6 {[%clk 0:21:51]} 49. b6 {[%clk 0:22:48]} Rc6 {[%clk 0:20:55]} 50. b7 {[%clk
0:22:20]} 1-0

[Event "DVM U20w 2016"]
[Site "Borken-Gemen GER"]
[Date "2016.12.28"]
[Round "4"]
[White "Leinemann, Vivien S."]
[Black "Köhler, Inken"]
[Result "0-1"]
[Termination "normal"]
[Board "2.3"]
[WhiteElo "1627"]
[BlackElo "1944"]
[WhiteClock "00:28:31"]
[BlackClock "00:58:04"]
[WhiteTeam "Hamburger SK"]
[BlackTeam "TuRa Harksheide Norderstedt"]
[PlyCount "52"]
[WhiteFideId "16208536"]
[BlackFideId "12929301"]
[EventCountry "GER"]
[EventRounds "7"]
[EventType "team-swiss"]
[EventDate "2016.12.26"]

1. e4 {[%clk 1:30:57]} c5 {[%clk 1:30:54]} 2. Nf3 {[%clk 1:31:22]} e6 {[%clk
1:31:15]} 3. d4 {[%clk 1:31:42]} cxd4 {[%clk 1:31:38]} 4. Nxd4 {[%clk 1:32:06]}
a6 {[%clk 1:31:59]} 5. c4 {[%clk 1:32:16]} Qc7 {[%clk 1:31:57]} 6. Nc3 {[%clk
1:32:11]} Nf6 {[%clk 1:31:23]} 7. Be2 {[%clk 1:31:35]} Be7 {[%clk 1:30:48]} 8.
O-O {[%clk 1:30:52]} d6 {[%clk 1:30:07]} 9. Be3 {[%clk 1:29:10]} Bd7 {[%clk
1:29:30]} 10. Qd2 {[%clk 1:28:06]} Nc6 {[%clk 1:28:47]} 11. f3 {[%clk 1:26:37]}
O-O {[%clk 1:24:05]} 12. Rfd1 {[%clk 1:25:17]} Ne5 {[%clk 1:22:04]} 13. b3
{[%clk 1:24:38]} Rac8 {[%clk 1:21:43]} 14. Rac1 {[%clk 1:24:27]} Qb8 {[%clk
1:20:15]} 15. a4 {[%clk 1:18:12]} Nc6 {[%clk 1:17:34]} 16. Nxc6 {[%clk
1:15:05]} bxc6 {[%clk 1:17:16]} 17. Rb1 {[%clk 1:12:49]} c5 {[%clk 1:16:11]}
18. f4 {[%clk 1:05:17]} Bc6 {[%clk 1:14:14]} 19. Bf3 {[%clk 1:02:16]} Rfd8
{[%clk 1:13:06]} 20. Qf2 {[%clk 0:55:08]} Qb7 {[%clk 1:08:43]} 21. e5 {[%clk
0:50:00]} dxe5 {[%clk 1:04:22]} 22. Rxd8+ {[%clk 0:41:22]} Rxd8 {[%clk
1:04:30]} 23. Bxc6 {[%clk 0:37:05]} Qxc6 {[%clk 1:04:10]} 24. fxe5 {[%clk
0:32:34]} Ng4 {[%clk 1:03:05]} 25. Qg3 {[%clk 0:29:48]} Rd3 {[%clk 0:59:35]}
26. Nd1 {[%clk 0:28:31]} Qe4 {[%clk 0:58:04]} 0-1